Eastern Utah Libraries Catalog: Duchesne, Heber, Roosevelt, & Vernal

Amsterdam & the Netherlands / (Record no. 308331)

MARC details
000 -LEADER
fixed length control field 02740cam a2200601Ii 4500
001 - CONTROL NUMBER
control field ocn982429447
003 - CONTROL NUMBER IDENTIFIER
control field OCoLC
005 - DATE AND TIME OF LATEST TRANSACTION
control field 20200320211424.0
008 - FIXED-LENGTH DATA ELEMENTS--GENERAL INFORMATION
fixed length control field 170414s2017 cauab b 001 0 eng d
019 ## -
-- 981975920
-- 982009708
-- 982096962
-- 982141759
-- 982220435
-- 982364744
-- 987010218
-- 988648439
-- 999842294
-- 1003789527
-- 1012713172
-- 1014269394
-- 1018135108
-- 1020213619
-- 1029109328
020 ## - INTERNATIONAL STANDARD BOOK NUMBER
International Standard Book Number 9781631216077 (pbk.)
020 ## - INTERNATIONAL STANDARD BOOK NUMBER
International Standard Book Number 1631216074 (pbk.)
020 ## - INTERNATIONAL STANDARD BOOK NUMBER
Terms of availability 21.99
029 1# - (OCLC)
OCLC library identifier NLGGC
System control number 412866374
035 ## - SYSTEM CONTROL NUMBER
System control number (OCoLC)982429447
Canceled/invalid control number (OCoLC)981975920
-- (OCoLC)982009708
-- (OCoLC)982096962
-- (OCoLC)982141759
-- (OCoLC)982220435
-- (OCoLC)982364744
-- (OCoLC)987010218
-- (OCoLC)988648439
-- (OCoLC)999842294
-- (OCoLC)1003789527
-- (OCoLC)1012713172
-- (OCoLC)1014269394
-- (OCoLC)1018135108
-- (OCoLC)1020213619
-- (OCoLC)1029109328
040 ## - CATALOGING SOURCE
Original cataloging agency YDX
Language of cataloging eng
Description conventions rda
Transcribing agency YDX
Modifying agency SFR
-- UOJ
-- MYG
-- WIM
-- OCLCF
-- NYP
-- WC$
-- BYV
-- OCLCO
-- IGP
-- WACOL
043 ## - GEOGRAPHIC AREA CODE
Geographic area code e-ne---
049 ## - LOCAL HOLDINGS (OCLC)
Holding library WACL
050 14 - LIBRARY OF CONGRESS CALL NUMBER
Classification number DJ411.A53
Item number S74 2017
082 04 - DEWEY DECIMAL CLASSIFICATION NUMBER
Classification number 914.923520474
Edition number 23
092 ## - LOCALLY ASSIGNED DEWEY CALL NUMBER (OCLC)
Classification number 914.923
Item number Ste
100 1# - MAIN ENTRY--PERSONAL NAME
Personal name Steves, Rick,
Dates associated with a name 1955-
Relator term author.
9 (RLIN) 13933
245 10 - TITLE STATEMENT
Title Amsterdam & the Netherlands /
Statement of responsibility, etc Rick Steves & Gene Openshaw.
246 3# - VARYING FORM OF TITLE
Title proper/short title Rick Steves Amsterdam & the Netherlands
246 30 - VARYING FORM OF TITLE
Title proper/short title Amsterdam and the Netherlands
250 ## - EDITION STATEMENT
Edition statement Second edition.
264 #1 - Production, Publication, Distribution, Manufacture, and Copyright Notice.
Place of production, publication, distribution, manufacture Berkeley, CA :
Name of producer, publisher, distributor, manufacturer Avalon Travel,
Date of production, publication, distribution, manufacture, or copyr [2017]
264 #4 - Production, Publication, Distribution, Manufacture, and Copyright Notice.
Date of production, publication, distribution, manufacture, or copyr ©2017
300 ## - PHYSICAL DESCRIPTION
Extent 511 pages :
Other physical details illustrations, maps (some color) ;
Dimensions 21 cm +
Accompanying material 1 folded map.
336 ## - Content Type
Content type term text
336 ## - Content Type
Content type term still image
336 ## - Content Type
Content type term cartographic image
337 ## - Media type
Media type term unmediated
338 ## - Carrier type
Carrier type term volume
380 ## -
-- Gudiebooks
490 0# - SERIES STATEMENT
Series statement Rick Steves' Amsterdam & the Netherlands
504 ## - BIBLIOGRAPHY, ETC. NOTE
Bibliography, etc Includes bibliographical references (pages 491-493), filmography (page 493), and indexes.
651 #0 - SUBJECT ADDED ENTRY--GEOGRAPHIC NAME
Geographic name Amsterdam (Netherlands)
Form subdivision Guidebooks.
9 (RLIN) 5968426
651 #0 - SUBJECT ADDED ENTRY--GEOGRAPHIC NAME
Geographic name Netherlands
Form subdivision Guidebooks.
9 (RLIN) 5968427
651 #0 - SUBJECT ADDED ENTRY--GEOGRAPHIC NAME
Geographic name Netherlands
General subdivision Description and travel.
9 (RLIN) 5968428
651 #0 - SUBJECT ADDED ENTRY--GEOGRAPHIC NAME
Geographic name Amsterdam (Netherlands)
General subdivision Description and travel.
9 (RLIN) 5968429
650 #7 - SUBJECT ADDED ENTRY--TOPICAL TERM
Topical term or geographic name as entry element Travel.
Source of heading or term fast
-- (OCoLC)fst01155558
9 (RLIN) 5968430
651 #7 - SUBJECT ADDED ENTRY--GEOGRAPHIC NAME
Geographic name Netherlands.
Source of heading or term fast
-- (OCoLC)fst01204034
9 (RLIN) 5968431
651 #7 - SUBJECT ADDED ENTRY--GEOGRAPHIC NAME
Geographic name Netherlands
Geographic subdivision Amsterdam.
Source of heading or term fast
-- (OCoLC)fst01204180
9 (RLIN) 5752352
655 #7 - INDEX TERM--GENRE/FORM
Genre/form data or focus term Guidebooks.
Source of term fast
-- (OCoLC)fst01423871
9 (RLIN) 5689508
655 #7 - INDEX TERM--GENRE/FORM
Genre/form data or focus term Guidebooks.
Source of term lcgft
9 (RLIN) 5689508
700 1# - ADDED ENTRY--PERSONAL NAME
Personal name Openshaw, Gene,
Relator term author.
9 (RLIN) 5836651
938 ## -
-- YBP Library Services
-- YANK
-- 13955973
942 ## - ADDED ENTRY ELEMENTS (KOHA)
Koha item type BOOK
948 ## - LOCAL PROCESSING INFORMATION (OCLC); SERIES PART DESIGNATOR (RLIN)
Series part designator, SPT (RLIN) 04/17/2018
z (OCLC) Sirsi
994 ## -
-- C0
-- WACOL
996 ## -
-- 149069
-- 34301001548264
-- NF
-- bk
-- wcl
-- o
-- 11
-- 21.99
-- amazon
-- 914.923 Ste
-- 04/17/2018
-- 03/11/2020
-- 03/11/2020
Holdings
Withdrawn status Lost status Source of classification or shelving scheme Damaged status Not for loan Collection code Home library Current library Shelving location Date acquired Source of acquisition Cost, normal purchase price Total Checkouts Total Renewals Full call number Barcode Date last seen Date checked out Cost, replacement price Price effective from Koha item type
    Dewey Decimal Classification     General NonFiction Wasatch County Library Wasatch County Library Second Floor 04/17/2018 Amazon 21.99 26 21 914.923 Ste 34301001548264 07/08/2025 06/11/2025 21.99 03/20/2020 BOOK
This project was made possible through a grant from the Institute of Museum and Library Service administered by the Utah State Library Division.

Wasatch County Library

  • 465 East 1200 South, Heber City, Utah 84032
  • Phone 435-654-1511 | Fax 435-654-6456

Hours

  • Monday - Friday 9:30 AM - 8:00 PM
  • Saturday 9:30 AM - 1:30 PM
  • Closed Sundays and Holidays